| 000 | 00711nam a2200169Ia 4500 | ||
|---|---|---|---|
| 008 | 090711s9999 xx 000 0 und d | ||
| 082 | _b422 | ||
| 100 | _aदेशपांडे रमाकांत | ||
| 245 | _aगीत शांकुतल (मराठी नाटयस्वरुप) | ||
| 260 |
_bगांगल प्रकाशन _c1998 |
||
| 300 | _a118 | ||
| 600 | _aदेशपांडे रमाकांत | ||
| 630 | _aगीत शांकुतल (मराठी नाटयस्वरुप) | ||
| 700 | _aदेशपांडे रमाकांत | ||
| 730 | _aगीत शांकुतल (मराठी नाटयस्वरुप) | ||
| 942 | _cBOOK | ||
| 999 |
_c332579 _d332579 |
||